000 00667nam a2200241Ia 4500
003 OSt
005 20220918204043.0
006 a|||||r|||| 00| 0
007 ta
008 220917b |||||||| |||| 00| 0 eng d
024 _a110,844
037 _cTextual
040 _aARTS
_cARTS
_beng
041 _2eng
_aeng
082 _aV53.L99-L89, M7
100 _aComminel G C
_9110574
245 0 _aRethinking the french revolution marxism and the revisionist challenge
260 _aLondon
_bVerson
_c1987
300 _axiii, 225p.
_ccm.
650 _aHISTORY
942 _hV53.L99-L89, M7
_cTEXL
_2CC
999 _c234194
_d234194